000 00645nam a22001577a 4500
003 OSt
005 20151105143246.0
008 151105b xxu||||| |||| 00| 0 eng d
040 _cRUA
082 _aFOR វ័ន 1993 B119 Or.1
100 _93395
_aវ័ន កុយ
245 _aការការពារសត្វល្អិត និងជំងឺសំខាន់ៗ ក្នុងថ្នាលកូនឈើនៅស្ថានីយ៍ដំាឈើ ឈូកស ក្នុងខេត្ត​ កំពង់ឆ្នំាង;
260 _aPhnom Penh
_bRUA
_c1993
300 _a51p.
_bill.
_c29cm.
942 _2ddc
_cFOR
999 _c3167
_d3167